Normal view
MARC view
- Reza Trosino, Jesús Carlos
Entry Nombre Personal
001 - NUMERO DE CONTROL
- campo de control: 44321
003 - IDENTIFICADOR DE NUMERO DE CONTROL
- campo de control: DLC
005 - FECHA Y HORA DE LA ÜLTIMA TRANSACCIÓN
- campo de control: 20220428084108.0
008 - DATOS DE LONGITUD FIJA
- campo de control de longitud fija: 220428n| acannaabn |a aaa c
010 ## - NÚMERO DE CONTROL DE LA BIBLIOTECA DEL CONGRESO
- Número de control LC: no2006116208
035 ## - NUMERO DE CONTROL
- Número de control: (OCoLC)oca07094542
040 ## - FUENTE DE CATALOGACIÓN
- Agencia original de catalogación: MX-ZcUA
- Lenguaje de catalogación: spa
- Agencia de transcripción: MX-ZcUA
- Agencia que lo modifica: MX-MxUPN
100 1# - ENCABEZAMIENTO - NOMBRE PERSONAL
- Nombre personal: Reza Trosino, Jesús Carlos
375 ## - GÉNERO
- Gender: masculino
377 ## - LENGUA ASOCIADA
- Language code: spa
400 1# - VEÁSE - NOMBRE DE PERSONA
- Personal name: Trosino, Jesús Carlos Reza
400 1# - VEÁSE - NOMBRE DE PERSONA
- Personal name: Reza Trosino, J. Carlos
400 1# - VEÁSE - NOMBRE DE PERSONA
- Personal name: Trosino, J. Carlos Reza
670 ## - FUENTE EN LA QUE SE LOCALIZARON DATOS
- Cita de la fuente: Equipos de trabajo efectivos y altamente productivos, 2005:
- Información localizada: portada (Jesús Carlos Reza Trosino)
670 ## - FUENTE EN LA QUE SE LOCALIZARON DATOS
- Cita de la fuente: En su obra: El ABC del administrador de la capacitación, 1995:
- Información localizada: portada (J. Carlos Reza Trosino) cubierta (Jesús Carlos Reza Trosino)
